000 00479nam a2200169Ia 4500
008 160105s9999 xx 000 0 und d
020 _a2-7181-1725-7
041 _afre
245 _aLes paysans du Nord-Vietnam et la guerre
260 _aParis
260 _bMaspero
260 _c1968
654 _xGUERRE/IMPERIALISME/MOUVEMENT SOCIAL/ETAT/MEDECINE TRADITIONNELLE/TEMOIGNAGE/MOUVEMENT DE LIBERATION NATIONALE
942 _c09
994 _a103869
999 _c3841
_d31839